Comunicación y construcción de lo cotidiano. (Segunda parte: Comunicación y género) /

Đã lưu trong:
Chi tiết về thư mục
Tác giả chính: Vega Jiménez, Patricia
Định dạng: Không biết
Được phát hành: San José: DEI
Những chủ đề:
Các nhãn: Thêm thẻ
Không có thẻ, Là người đầu tiên thẻ bản ghi này!

MARC

LEADER 00000 a2200000 04500
001 11592
003
008 991231s d
040
090 |a 140105  
100 |a Vega Jiménez, Patricia  
245 |a Comunicación y construcción de lo cotidiano. (Segunda parte: Comunicación y género) /  |c Patricia Vega Jiménez 
260 |a San José:   |b DEI  
300 |a 289 p.  
650 |a MUJERES  
650 |a PRENSA  
650 |a IMPRESION  
650 |a MEDIOS DE COMUNICACION  
650 |a CULTURA  
650 |a SOCIEDAD CIVIL  
650 |a EQUIDAD SOCIAL  
650 |a ANALISIS HISTORICO  
999 |c 15254  |d 15254